000 00468nam a2200145Ia 4500
008 151213s9999 xx 000 0 und d
100 _aদিলারা হাশেম।
245 _aকাকতালীয় ।
_cদিলারা হাশেম।
260 _aঢাকা
_bমুক্তধারা
_c1985
300 _a8465 p.
650 _aBangla
650 _aBengali Literature
700 _aদিলারা হাশেম।
999 _c4303
_d4303